000 03125nam a2200349 4500
003 EC-QuCCB
005 20260331155033.0
007 ta
008 260325s |||||||gr|||| 001 0dspa d
020 _a9978-72-225-4 (Colección)
020 _a9978-72-290-4 (volumen 4)
040 _aEC-QuCCB
041 _aspa
082 _a928
_bP259
100 1 _aParral de Velasco Ibarra, Corina,
_d1905-1979
_96037
245 _aDe la lágrima a la sonrisa
_cCorina Parral de Velasco Ibarra ; prólogo de Julio Pazos Barrera
250 _aPrimera edición
260 _aQuito, Ecuador :
_bBanco Central del Ecuador,
_c[Fecha de publicación no identificada]
300 _a206 páginas :
_bilustraciones ;
_c21 cm.
336 _atexto
_btxt
337 _ano mediado
_bn
338 _avolumen
_bnc
490 _aEl Placer de Recordar ;
_vvolumen 4
505 _aUn libro de Corina Parral de Velasco Ibarra por Julio Pazos Barrera -- De la lágrima a la sonrisa -- La paloma -- El Presidente -- Los padres -- 14 de julio -- En Quito y en París -- En el Congreso Nacional -- El páramo de El Angel -- Gira presidencial -- Primera Presidencia -- 28 de Mayo de 1944 -- Tercera Presidencia -- En Panamá -- Cuarta Presidencia -- Eran cinco niños -- La gente -- Las Cuatro Estaciones de Vivaldi -- Quinta Presidencia -- Destierros -- Fundación Nacional del Niño -- Vina Montero -- El destino -- Leo -- Mañana de domingo -- El Patriarca -- El secuestro -- Los canarios -- Intriga y traición -- El tiempo y la inspiración -- Radiografía de mi cerebro una mañana cualquiera -- El hombre e la luna -- Páginas de álbum -- La mujer -- Mi hermana y yo -- Fechas -- Las grandes capitales -- Carta para nadie -- Bahía Blanca -- Incomprensibles De la lágrima a la sonrisa -- Epílogo por Estela Parral de Terán -- Iconografía. Un pedazo de mi alma la que le descubro -- Partida de matrimonio civil de Corina Parral Durán y José María Velasco Ibarra -- Partida de nacimiento de Corina Parral Durán -- Partida de matrimonio eclesiástico de Corina Parral Durán y José María Velasco Ibarra.
520 _aEl libro de testimonios ha aportado tanto a la literatura como a la historia. Para la primera abrió un nuevo género literario, para la segunda hizo la entrega de la cotidianeidad. En De la lágrima a la sonrisa se sintetiza la obra de Alma Helios: mira-da lírica sobre la vida, prosa que requirió del recurso poético para develar aspectos de la cara oculta de la existencia pública. Al mismo tiempo nos dona las impresiones de un espíritu sensible y reflexivo, construido de la mano de su avatar. Leer a doña Corina Parral de Velasco Ibarra a ratos nos distancia en el tiempo, pero en otros nos golpea con la perennidad de los más altos valores: la fidelidad, el patriotismo, la solidaridad, la comprensión del dolor y la pobreza, el culto al arte.
590 _abgg
600 1 4 _aParral, Corina,
_d1905-1979
_96037
_xBiografías
650 4 _aLiteratura ecuatoriana
_913880
700 1 _aPazos Barrera, Julio,
_d1944-
_96107
_eprologuista
942 _2ddc
_cBK
999 _c83746
_d83746